LEADER 01511nam a2200289 i 4500 001 000000193078 003 CaOOAMICUS 005 20101011000000.0 008 101011s2008 it u000 u fre u 013 $a171717 020 $a978-88-7839-121-5 040 $aSeMil$bita 100 1 $aMpululu Nzolambi, Crispin .$0(OLS)http://semarc/name/70337 245 13$aLa pluralité humaine comme principe constitutif du politique chez Hannah Arendt :$bdignité et fragilité du vivre-ensemble /$cCrispin Mpululu Nzolambi. 260 $aRoma :$bPontificia Università Gregoriana,$c2008. 300 $a405 p. ;$c24 cm. 490 0 $aTesi Gregoriana. Serie Filosofia ;$v28 500 $aContiene : Bibliographie (pp. [385]-398). 600 14$aArendt, Hannah <1906-1975>.$0(OLS)http://semarc/subject/10173 650 4$aArendt, Hannah <1906-1975> - Filosofia politica.$0(OLS)http://semarc/subject/2050 830 0$aTesi Gregoriana. Serie Filosofia ;$v28.$0(OLS)http://semarc/title/646 850 $aSeMil 852 $aSeMil$W1$xVenegono$y1$m2HA A 28$j230873$B143652$CSeMilBibl$Z2$F155204 $81 961 $aSottoscrizione: Pontificia Università Gregoriana 996 $6020$a978-88-7839-121-5$9(OLS)http://semarc/number/184424 996 $6245$aLa pluralité humaine comme principe constitutif du politique chez Hannah Arendt :$bdignité et fragilité du vivre-ensemble$9(OLS)http://semarc/title/278311 996 $6260$aRoma :$bPontificia Università Gregoriana$9(OLS)http://semarc/publisher/29750 LEADER 01017nam a2200229 i 4500 001 000000073645 003 CaOOAMICUS 005 20131022000000.0 008 131022s1843 it u000 u ita u 013 $a44817 040 $aSeMil$bita 100 1 $aBinet, Étienne <1569-1639>.$0(OLS)http://semarc/name/36398 245 10$aDell'arte di governare :$bqual è il governo migliore, il severo o il dolce? /$copera del p. Stefano Binet ; tradotta in italiano dal p. Antonio Bresciani. 260 $aTorino :$bGiacinto Marietti,$c1843. 300 $a167 p. ;$c16 cm. 700 1 $aBresciani, Antonio .$0(OLS)http://semarc/name/8182 850 $aSeMil 852 $aSeMil$W1$xVenegono$y1$m2R I 91 FA$j39797$B39797$CSeMilBibl$Z2$F39801 $8I 941 1 $a10 961 $aRecupero: Mantegazza 996 $6245$aDell'arte di governare :$bqual è il governo migliore, il severo o il dolce?$9(OLS)http://semarc/title/118916 996 $6260$aTorino :$bGiacinto Marietti$9(OLS)http://semarc/publisher/33229